000 00355nam a22001577a 4500
003 OSt
005 20210930112037.0
008 210930b |||||||| |||| 00| 0 eng d
040 _cHU
082 _a330
100 _aMARY GREGORY
_98640
245 _aLABORE MAREKET INEQULITES
260 _aTORONTO
_bTOKOYO
_c2002
300 _a248
942 _2ddc
_cBOOKS
_n0
999 _c7993
_d7993